00612nam a2200181Ia 4500003000900000008004100009020001700050040001600067100002400083245007200107260003500179300001000214650004100224650002800265942000700293999001500300952011500315IN-BaIIA211028s9999 xx 000 0 eng d a2-36-15453-2 cIIA Library aMuthuswamy, P97319 0aContributory provident fund (central services) rulescP. Muthuswamy aMadrasbSwamy Publishersc1974 a214p. aAstronomy and Astrophysics Thesaurus aHistory-Astronomy91125 cBK c4662d4662 00104070aBANbKODcGENd0000-00-00g5.00l0o52(091)/ HEYp5200r2021-11-05v5.00w0000-00-00yBKGRs. 5.00